000 00518nam a2200181Ia 4500
999 _c14288
_d14288
003 OSt
005 20201110095731.0
008 190216s9999||||xx |||||||||||||| ||und||
020 _a9781853267796
040 _coclc
082 _a820
_bTZU/A
100 _aTzu, Sun
_96281
245 4 _aThe Art Of War And The Book Of Lord Shang /
_cSun Tzu ; Shang Yang
260 _bWordsworth Classics,
_aLondon:
_c1998.
300 _a243p
650 _aEnglish
942 _cBK
_2ddc
_h820
_iTZU/A
_k820
_mTZU/A